header

How selegiline ((-)-deprenyl) slows brain aging (Record no. 161555)

MARC details
000 -LEADER
fixed length control field 01147nam a2200301Ia 4500
100 1# - MAIN ENTRY--AUTHOR NAME
Personal name Knoll, J.
245 10 - TITLE STATEMENT
Title How selegiline ((-)-deprenyl) slows brain aging
260 ## - PUBLICATION, DISTRIBUTION, ETC. (IMPRINT)
Place of publication [s.l] :
Name of publisher Bentham Science Publishers,
Year of publication 2012.
300 ## - PHYSICAL DESCRIPTION
Number of Pages xvi, 142 p.
650 #0 - SUBJECT ADDED ENTRY--TOPICAL TERM
Topical Term Depression, Mental.
Topical Term Brain
Topical Term Selegiline.
856 40 - ELECTRONIC LOCATION AND ACCESS
Uniform Resource Identifier http://site.ebrary.com/lib/rucke/Doc?id=10621400

No items available.

© 2026 Rongo University
Contact us: librarian | system librarian | Rongo university